Spotrebné dane. Komentár k zákonom

Zosúladenie národnej legislatívy s právom EÚ v oblasti spotrebných daní z minerálneho oleja, z vína, z liehu, z tabakových výrobkov, z piva zo dňa 3. februára 2004.

Guardado en:
Detalles Bibliográficos
Autor principal: Šubík, Peter
Formato: Capítulo de libro
Lenguaje:eslovaco
Materias:
Etiquetas: Agregar Etiqueta
Sin Etiquetas, Sea el primero en etiquetar este registro!

MARC

LEADER 00000naa$a2200000$$$4500
001 0010125
005 20230919094129.1
041 0 |a slo 
044 |a SK 
245 1 0 |a Spotrebné dane. Komentár k zákonom  |c Peter Šubík 
520 |a Zosúladenie národnej legislatívy s právom EÚ v oblasti spotrebných daní z minerálneho oleja, z vína, z liehu, z tabakových výrobkov, z piva zo dňa 3. februára 2004. 
610 2 0 |a dane spotrebné 
610 2 0 |a novelizácia 
610 2 0 |a legislatíva 
610 2 0 |a aproximácia práva 
610 2 0 |a Slovensko 
610 2 0 |a 2004 
100 1 |a Šubík, Peter